Complete the Title: Cartoon Shows Quiz Stats

 Plays Quiz Updated Jan 25, 2018

Score 0/50 Timer 05:00
6 Plays Today
% Correct
SquarePants
93.3%
Chipmunks
92.9%
Where
92.8%
Winnie
92.5%
Bear
91.1%
Pink
90.8%
Park
89.3%
Jerry
88.6%
Inspector
88.4%
School
88.3%
Dungeons
88.1%
King
87.9%
Bugs
87.8%
Powerpuff
87.3%
Burgers
87%
OddParents
86.3%
Dexter's
86.2%
Boop
85.8%
Popeye
83.4%
Bravo
83%
Cat
82.7%
Count
80.7%
Porky
80.3%
Road
80%
Dad
80%
% Correct
Pony
79%
Bamm-Bamm
77.1%
Josie
74.6%
Masters
74.4%
Wild
72.3%
Father
71.4%
Rescue
69.1%
Hound
67.5%
Quick
66.9%
Princess
66.1%
Angry
64.4%
Muppet
61.9%
Care
61.8%
Phooey
60.9%
Gorilla
60.3%
Penelope
58.8%
Brite
57.7%
Reddy
55.3%
Wacky
54.9%
Real
54.4%
Buggy
52.1%
Grape
51.5%
Tuxedo
50.6%
Cecil
36.4%
Hair
29.4%

You're not logged in!

Compare scores with friends on all Sporcle quizzes.
OR
Log In

Sporcle TV

Today on Sporcle TV


Watch our educational content, quiz creation guides, and fun videos on Sporcle TV.

Show Comments

Extras

Top Quizzes Today


Score Distribution

Your Account Isn't Verified!

In order to create a playlist on Sporcle, you need to verify the email address you used during registration. Go to your Sporcle Settings to finish the process.

Report this User

Report this user for behavior that violates our Community Guidelines.

Details: